1836 1154 1249 1811 1812 1258 1643 1537 1054 1190 1497 1077 1668 1800 1493 1224 1375 1232 1148 1691 1449 1536 1256 1894 1561 1139 1937 1678 1278 1568 1663 1099 1172 1663 1375 1279 1303 1915 1889 1870 1894 1507 1226 1435 1662 1276 1797 1364 1708 1288 1380 1906 1383 1243 1630 1721 1121 1354 1412 1852 1793 1400 1503 1557 1790 1292 1413 1854 1019 1066 1210 1173 1014 1679 1317 1501 1658 1698 1664 1370 1100 1624 1862 1308 1575 1531 1162 1115 1232 1603 1325 1658 1004 1143 1611 1121 1176 1223 1222 BCNSPRNW ULIB Ver.6.0+V

เปลี่ยนเป็นภาษาไทย

Change to English
 แสดงรายละเอียดบรรณานุกรม
  กลับหน้าหลัก

Brief Record : Get Marc (ISO 2709) : E-mail record : QR code < ปิดหน้าต่าง
LEADER : 00000nam 2200000uu 4500
001    13399114178
003     ULIB
008    120228s2553||||th 000 0 tha d
020    ^a9749245407
060 04 ^aWY150^bร765ค
099    ^aเรณู อาจสาลี
245 10 ^aคำศัพท์การพยาบาลผู้ใหญ่ /^cเรณู อาจสาลี
250    ^aพิมพ์ครั้งที่ 5
260    ^aกรุงเทพฯ :^bคณะพยาบาลศาสตร์ มหาวิทยาลัยมหิดล,^c2553
300    ^a187 หน้า
650  7 ^aการพยาบาลผู้ใหญ่^xคำศัพท์
710 2  ^aมหาวิทยาลัยมหิดล^bคณะพยาบาลศาสตร์
945    ^p60^l0^i18783
945    ^p60^l0^i18784
995  ก ^aณชพร
999    ^aใช้งานได้ทุกระบบ
รายการนี้ยังไม่มีแท็ก
คุณยังไม่ได้ล็อกอิน คุณสามารถมีกิจกรรมร่วมกับเว็บไซต์ได้ แต่ต้องล็อกอินก่อน ::
  ล็อกอิน

รายการสื่อสารสนเทศ

ลำดับที่ ประเภท เลขเรียก/บาร์โค้ด สถานที่ สถานะ
1. วิทยาศาสตร์การแพทย์ และสุขภาพ
วิทยาศาสตร์การแพทย์ และสุขภาพ
เรณู อาจสาลี WY150 ร765ค  
  Barcode: 18783
ห้องสมุดวิทยาเขตนครสวรรค์
►ส่วนจัดเก็บหนังสือเก่า นว.
บนชั้น
  ขอยืม
2. วิทยาศาสตร์การแพทย์ และสุขภาพ
วิทยาศาสตร์การแพทย์ และสุขภาพ
เรณู อาจสาลี WY150 ร765ค ฉ.2 
  Barcode: 18784
ห้องสมุดวิทยาเขตนครสวรรค์
►ส่วนจัดเก็บหนังสือเก่า นว.
บนชั้น
  ขอยืม

BibComment


ยังไม่เคยถูกคอมเมนท์

คอมเมนท์ทรัพยากรรายการนี้
  คอมเมนท์: คำศัพท์การพยาบาล..


 Copyright 2026. Bcnsprnw @Library